Impuesto a las ganancias y prohibición de confiscar la propiedad privada (Registro nro. 15829)

Detalles MARC
000 -LEADER
fixed length control field 00348 a2200109 4500
001 - CONTROL NUMBER
control field ART_34380
005 - DATE AND TIME OF LATEST TRANSACTION
control field 20260410161708.0
008 - FIXED-LENGTH DATA ELEMENTS--GENERAL INFORMATION
fixed length control field 260409a
100 1# - MAIN ENTRY--PERSONAL NAME
Personal name Gusman, Alfredo S.
245 10 - TITLE STATEMENT
Title Impuesto a las ganancias y prohibición de confiscar la propiedad privada
773 0# - HOST ITEM ENTRY
Title Revista Impuestos
Related parts - Nº 23 (dic. 2004)
Record control number REV639

No hay ítems disponibles.